000 00407cam a2200169 4500
001 D14080
008 090401t1927 xxu||||| |||| 00| 0 eng d
035 _a(Sirsi) u13381
041 _aeng
100 _aTownend, William
245 4 _aThe valuation of licensed property
260 _aLondon
_bEstates Gazette
_c1927
350 _a0
520 _aShelf 136 ;2 copies
942 _n0
948 _c04/03/1997
999 _c87089
_d87089